000 00660cab a2200229 4500
001 WB3239-57
008 090401t1996 xxu||||| |||| 00| 0 eng d
035 _a(Sirsi) u27653
041 _aeng
245 _aAttempts to close mortgage fraud loophole
260 _c1996
350 _a0
490 _aIndependent
_v16 October 1996, 21(1)
520 _aThe Law Society has proposed measures to close a loophole allowing mortgage fraudsters to escape prosecution.
650 _aLAW SOCIETY
650 _aMORTGAGE FRAUD
650 _aR V PREDDY
650 _aTHEFT ACT 1968
690 _aPROPERTY LAW AND PRACTICE
942 _n0
948 _c04/03/1997
999 _c18621
_d18621